Statistiken für Landkreise und kreisfreie Städte Deutschlands mit "P"

Klicken Sie hier um das Quiz zu spielen!

Allgemein

  • Dieses Quiz wurde 283 mal gespielt
  • Das Durchschnittsergebnis liegt bei 9 aus 12

Antwortstatistiken

BundeslandKreis% Korrekt
BrandenburgPotsdam
89%
BrandenburgPotsdam-Mittelmark
89%
BayernPassau
83%
BayernPassau
83%
Nordrhein-WestfalenPaderborn
77%
Baden-WürttembergPforzheim
73%
Schleswig-HolsteinPinneberg
70%
NiedersachsenPeine
65%
BayernPfaffenhofen an der Ilm
63%
Rheinland-PfalzPirmasens
63%
BrandenburgPrignitz
59%
Schleswig-HolsteinPlön
57%

Verteilung der Resultate

Perzentil nach korrekt beantworteten Fragen

Anzahl Personen mit jedem Resultat

Ihre Resultats-Entwicklung

Sie haben dieses Quiz noch nicht gespielt